| 000 | 03109njm0a2200541 4500 | ||
|---|---|---|---|
| 001 | RU\NLR\ONIZ\304730 | ||
| 005 | 20260304114401.0 | ||
| 035 | _a(NLR Aleph) 022722369 | ||
| 071 | 0 | 0 | _aX-2-63112 |
| 071 | 0 | 0 | _aX-2-63113 |
| 071 | 0 | 0 | _aX 2-63112:O |
| 071 | 0 | 0 | _aX 2-63113:A |
| 071 | 1 | 0 | _a16000b |
| 071 | 1 | 0 | _a16003b |
| 090 |
_a13550533 _c13550533 |
||
| 100 | _a20240905d1911 u y0rusy50 ca | ||
| 102 | _aRU | ||
| 126 |
_aadaxdxu ux _bxxx |
||
| 127 | _a000500 | ||
| 145 | 0 | _ac | |
| 200 | 1 |
_aВ час роковой, когда встретил тебя _bЗвукозапись _eпесня из пьесы гр. Л. Н. Толстого "Живой труп" _fарр. Поливановой |
|
| 203 |
_aМузыка _bисполнительская _cаудио |
||
| 210 |
_aS. l. _cZonophone record _d[1911] _gО-во Граммофонъ съ огр. отв. _eРига |
||
| 215 |
_a1 грп. (ок. 5 мин) : 78 об/мин, моно _d25 см, в конв. |
||
| 300 | _aЗапись 13.10.1911 г., Санкт-Петербург | ||
| 300 | _aИнженер записи Ф. Гайсберг | ||
| 300 | _aИнж. и дата записи установл. по кат. А. Келли | ||
| 423 | 0 |
_12001#$aШэл мэ версты$eцыганская песня из пьесы гр. Л. Н. Толстого "Живой труп"$f[к звукозаписи в целом:] исполняет: исп. цыг. быт. песен Н. В. Дулькевич, [меццо-сопрано] _1210##$aS. l.$cZonophone record$gО-во Граммофонъ съ огр. отв.$eРига$d[1911] _16890#$aЩ943.2-043.32(28) _1702#1$9z02790$aДулькевич$bН. В.$gНина Викторовна$f1891-1934$4590$4vms$7ca _1790#1$9z02702$aDul'kevič$bN. V.$gNina Viktorovna$f1891-1934$4590$4vms$7ba |
|
| 604 |
_1700#1$aТолстой$bЛ. Н.$gЛев Николаевич$f1828-1910 _150010$aЖивой труп$lпьеса$jЗвукозапись |
||
| 606 | 1 |
_aЦыганские романсы и песни _xЗвукозапись _yРоссия _z20 в. нач. _jЗвукозапись _2nlr_sh |
|
| 606 | 1 |
_aМеццо-сопрано русские советские _z19-20 вв. _jЗвукозапись _2nlr_sh |
|
| 686 | 0 | _aЩ943.2-043.32(28)я43 | |
| 700 | 1 |
_9z05790 _aПоливанова _4030 _7ca |
|
| 702 | 1 |
_9z07790 _aДулькевич _bН. В. _f1891-1934 _gНина Викторовна _4721 _7ca |
|
| 702 | 1 |
_9z08790 _aГайсберг _bФ. _cинженер звукозаписи _f1873-1951 _gФред _4670 _7ca |
|
| 702 | 1 |
_9z09790 _aКелли _bА. _f1928-2015 _gАлан _4595 _7ca |
|
| 790 | 1 |
_9z05700 _aPolivanova _4030 _7ba |
|
| 790 | 1 |
_9z07702 _aDul'kevič _bN. V. _f1891-1934 _gNina Viktorovna _4721 _7ba |
|
| 790 | 1 |
_9z08702 _aGaisberg _bF. _crecording engineer _f1873-1951 _gFred _4670 _7ba |
|
| 790 | 1 |
_9z09702 _aKelly _bA. _f1928-2015 _gAlan _4595 _7ca |
|
| 801 | 0 |
_aRU _bNLR _c20240905 _gPSBO |
|
| 801 | 1 |
_aRU _bNLR _c20240905 _2rusmarc |
|
| 801 | 2 |
_aRU _bNLR _c20260123 |
|
| 852 |
_aNLR _jМг 2к/429 _m1063 _t1 |
||
| 942 | _cREC | ||
| 980 | _aONIZ | ||
| 980 | _aNB | ||